000 00461nam a2200181Ia 4500
001 593
005 20260306140529.0
008 260306t2023||||xx |||||||||||||| ||spa||
041 _aESP
082 _a128
_bL587
100 _aLuri Medrano, Gregorio,
_eAUT
245 0 _aEn busca del tiempo en que vivimos :
_bfragmentos del hombre moderno
260 _c2023
300 _a301 páginas :
_c23 cm.
650 _aGEN
654 _aCHU
942 _cLIB
_dJUS
_fJUS
_2ddc
_n
999 _c593
_d593